| 000 | 00860cab a2200229 4500 | ||
|---|---|---|---|
| 001 | WB3229-13 | ||
| 008 | 090401t1996 xxu||||| |||| 00| 0 eng d | ||
| 035 | _a(Sirsi) u60416 | ||
| 041 | _aeng | ||
| 245 | _aCompulsory purchase threat | ||
| 260 | _c1996 | ||
| 350 | _a0 | ||
| 490 |
_aTimes _v24 July 1996, 21(1) |
||
| 520 | _a"E.Johnson & Co (Barbados) Ltd v NSR Ltd" CA 9 July 1996. Held that compulsory purchase threat of statutory notice warning that land was required for Crown purpose did not constitute a `frustrating event`. | ||
| 650 |
_aCompulsory purchase _96228 |
||
| 650 | _aE JOHNSON AND CO (BARBADOS) LTD V NSR LTD | ||
| 650 | _aFRUSTRATING EVENT | ||
| 650 | _aLAND ACQUISITION ACT S3 | ||
| 690 | _aENVIRONMENTAL AND LAND CONSULTANCY-PLANNING AND DEVELOPMENT-COMPULSORY PURCHASE AND COMPENSATION | ||
| 942 | _n0 | ||
| 948 | _c04/03/1997 | ||
| 999 |
_c37255 _d37255 |
||